LDR 00846nam a2200229 i 4500 001 000000180329 003 CaOOAMICUS 005 20090706000000.0 008 090706s1964 it u000 u ita u 013 $a157974 040 $aSeMil$bita 100 1 $aRosmini, Antonio,$c
.$0(OLS)http://semarc/name/405 245 10$a2 /$cAntonio Rosmini. 260 $aPadova :$bCEDAM,$c1964. 300 $a254 p. ;$c25 cm. 773 0 $aRosmini, Antonio
$tAristotele esposto ed esaminato.$dPadova : CEDAM, 1963-1964.$w()21632 850 $aSeMil 852 $aSeMil$W1$xVenegono$y1$m2QA A 30$j272493$B131078$CSeMilBibl$Z2$F142978 $81 900 1 $aRosmini Serbati, Antonio. 996 $6245$a2$9(OLS)http://semarc/title/46890 996 $6260$aPadova :$bCEDAM$9(OLS)http://semarc/publisher/30274